Introduction to general, organic, and biochemistry / Frederick A. Bettelheim [and four others]. (Record no. 20233)

000 -LEADER
fixed length control field 00566cam a2200157Ii 4500
020 ## - INTERNATIONAL STANDARD BOOK NUMBER
ISBN 9789814986731
082 04 - DEWEY DECIMAL CLASSIFICATION NUMBER
Classification number 540
Item number B5651 2021
100 1# - MAIN ENTRY--AUTHOR NAME
Personal name Bettelheim, Frederick A., author
245 10 - TITLE STATEMENT
Title Introduction to general, organic, and biochemistry / Frederick A. Bettelheim [and four others].
250 ## - EDITION STATEMENT
Edition statement Twelfth edition.
260 ## - PUBLICATION, DISTRIBUTION, ETC. (IMPRINT)
Place of publication Boston, MA :
Name of publisher Cengage Learning,
Year of publication ©2021.
300 ## - PHYSICAL DESCRIPTION
Number of Pages xxvii, 901 pages, [121] variously numbered pages ;
Other physical details 26 cm.
500 ## - GENERAL NOTE
General note Includes bibliographical references and index.
650 #0 - SUBJECT ADDED ENTRY--TOPICAL TERM
Topical Term Chemistry -- Textbooks.
942 ## - ADDED ENTRY ELEMENTS (KOHA)
Koha item type Books
Holdings
Source of acquisition Permanent Location Date acquired Koha item type Collection code Accession Number Lost status Shelving location Withdrawn status Current Location Full call number
SchoolCagayan State University - Carig Library2025-02-05BooksNursingN000101 Nursing Library Cagayan State University - Carig Library540 B5651 2021
SchoolCagayan State University - Carig Library2025-02-05BooksNursingN000102 Nursing Library Cagayan State University - Carig Library540 B5651 2021
SchoolCagayan State University - Carig Library2025-02-05BooksNursingN000103 Nursing Library Cagayan State University - Carig Library540 B5651 2021
SchoolCagayan State University - Carig Library2025-02-05BooksNursingN000104 Nursing Library Cagayan State University - Carig Library540 B5651 2021
SchoolCagayan State University - Carig Library2025-02-05BooksNursingN000105 Nursing Library Cagayan State University - Carig Library540 B5651 2021

Cagayan State University University Library, Carig Campus
Tuguegarao City, Cagayan 3500 | www.csucarig.edu.ph

Powered by Koha